000 00950nam a22002537a 4500
005 20170124103046.0
010 _aB-158165
020 _c150.00
_a8188469025
035 _aB-158165
037 _bCen Lib/Ret
040 _aDPL
_bHN
082 _a
_bजयशं
100 _aजयशंकर
_9500
245 _aबारिश, ईश्वर और मृत्यु /
_cजयशंकर
246 _aBarish, ishwar aur mrityu /
_bby Jaishankar
260 _aनयी दिल्ली
_bनवोदय सेल्स
_c2004
270 _a21 ए , दरिया गंज
_bनयी दिल्ली
_e110002
300 _a104पृ.
_c21सेमी (सजिल्द)
650 _aहिन्दी साहित्य
_969100
650 _aकहानी संग्रह
_969101
650 _aHindi literature
_969102
650 _aStory collection
_969103
942 _2ddc
_cHN
_h
_mजयशं
999 _c116933
_d116933